000
00296nam a22001337a 4500
008
170930b xxu||||| |||| 00| 0 eng d
020
_a
9781256777137
041
_a
eng
080
_a
37
100
_a
47
101
_a
EDU
245
_a
COMPOSE, DESIGN, ADVOCATE
_c
WYSOCKI, A.F
942
_2
udc
_c
BK
999
_c
30940
_d
30940